000 00767nam a22001935i 4500
001 170596
003 ES-MaACL
005 20230906214418.0
008 090323s1907 fr |||| | fre d
080 _a821.133.1-2"19"
100 1 _aRichepin, Jacques.
_996949
245 1 3 _aLa marjolaine.
_n[Suite et fin
_b: pièce en cinq actes, en vers] /
_cpar Jacques Richepin. Les Fresnay : [comédie en un acte] / par Fernand Vandérem.
260 _a[Paris :
_bL'Illustration,
_c1907]
300 _aP. [33]-53, 10 p. :
_bil. ;
_c30 cm.
500 _aPublicado en: L'Illustration théatrale, nº 62, 1er juin 1907.
700 1 _aVandérem, Fernand.
_9139642
740 4 _aLes Fresnay.
852 _aES-MaACL
_j2278-F-18
_9R.141175
_z.- Biblioteca Jacinto Martínez Lacalle
999 _c170596
_d170596